Central Library OPAC University of Rajshahi

বাংলাদেশের স্বাধীনতা সংগ্রাম ও ছাত্র লীগ (১৯৪৮-১৯৭১) : (Record no. 77608)

MARC details
000 -LEADER
fixed length control field 01821nam a2200289 a 4500
001 - CONTROL NUMBER
control field 77608
003 - CONTROL NUMBER IDENTIFIER
rucl marc code BD-RjUL
005 - DATE AND TIME OF LATEST TRANSACTION
control field 20211209083012.0
008 - FIXED-LENGTH DATA ELEMENTS--GENERAL INFORMATION
fixed length control field 201209s2001 bg |||| m||| 00| 0 ben d
035 ## - SYSTEM CONTROL NUMBER
System control number (BD-RjUL)77834
040 ## - CATALOGING SOURCE
Original cataloging agency BD-RjUL
Language of cataloging ben/eng
Modifying agency BD-RjUL
041 ## - LANGUAGE CODE
Language code of text/sound track or separate title ben
082 ## - DEWEY DECIMAL CLASSIFICATION NUMBER
Classification number 954.9204
Author mark and year BEB 2001
Edition number 23
100 ## - MAIN ENTRY--PERSONAL NAME
Personal name বেগম, সায়েরা সালমা
9 (RLIN) 242405
245 10 - TITLE STATEMENT
Title বাংলাদেশের স্বাধীনতা সংগ্রাম ও ছাত্র লীগ (১৯৪৮-১৯৭১) :
Remainder of title মূলধারা পর্যালোচনা /
Statement of responsibility, etc. সায়েরা সালমা বেগম ;
Linkage তত্ত্বাবধায়ক : এম. আবুল কাশেম
260 ## - PUBLICATION, DISTRIBUTION, ETC. (IMPRINT)
Place of publication, distribution, etc. রাজশাহী :
Name of publisher, distributor, etc. ইতিহাস বিভাগ, রাজশাহী বিশ্ববিদ্যালয়,
Date of publication, distribution, etc. ২০০১
300 ## - PHYSICAL DESCRIPTION
Pagination [৭], ৪১৩ পাতা ;
Size ২৮ সেমি.
502 ## - DISSERTATION NOTE
Dissertation note থিসিস (এম.ফিল.) --ইতিহাস বিভাগ, রাজশাহী বিশ্ববিদ্যালয়,২০০১
504 ## - BIBLIOGRAPHY, ETC. NOTE
Bibliography, etc গ্রন্থপঞ্জি : পাতা [৩৯৫] - ৪১৩
600 ## - SUBJECT ADDED ENTRY--PERSONAL NAME
Dates associated with a name
Personal name
650 ## - SUBJECT ADDED ENTRY--TOPICAL TERM
Topical term or geographic name as entry element বাংলাদেশ ছাত্র লীগ
General subdivision রাজনৈতিক কার্যকলাপ
-- ইতিহাস।
Chronological subdivision ১৯৪৮-১৯৭১
9 (RLIN) 242605
Topical term or geographic name as entry element Bangladesh Chātra league
General subdivision Political activity
-- History.
Chronological subdivision 1948-1971
9 (RLIN) 242606
651 ## - SUBJECT ADDED ENTRY--GEOGRAPHIC NAME
Geographic name বাংলাদেশ
General subdivision ইতিহাস
Chronological subdivision ১৯৪৮-১৯৭১
9 (RLIN) 242607
Geographic name Bangladesh
General subdivision History
Chronological subdivision 1948-1971
9 (RLIN) 242608
700 ## - ADDED ENTRY--PERSONAL NAME
Personal name কাশেম, এম. আবুল, তত্ত্বাবধায়ক
942 ## - ADDED ENTRY ELEMENTS (KOHA)
Source of classification or shelving scheme Dewey Decimal Classification
Koha item type Theses
Holdings
Lost status Source of classification or shelving scheme Damaged status Not for loan Collection code Permanent Location Current Location Shelving location Date acquired Source of acquisition Total Checkouts Full call number Date last seen Copy number Koha item type
  Dewey Decimal Classification   Not For Loan Theses Central Library, University of Rajshahi Central Library, University of Rajshahi Documentation Section 01/10/2002 Controller of Exam., R.U.   BTHE 954.9204 BEB 2001 09/12/2020 C-1 Theses